<?xml version="1.0" encoding="UTF-8"?>
<record
    xmlns:xsi="http://www.w3.org/2001/XMLSchema-instance"
    xsi:schemaLocation="http://www.loc.gov/MARC21/slim http://www.loc.gov/standards/marcxml/schema/MARC21slim.xsd"
    xmlns="http://www.loc.gov/MARC21/slim">

  <leader>01629    a2200229   4500</leader>
  <controlfield tag="001">63945</controlfield>
  <controlfield tag="005">20260521160827.0</controlfield>
  <controlfield tag="008">260521a1979    arg                 spa d</controlfield>
  <controlfield tag="003">AR-UNSa-BCEJYS</controlfield>
  <datafield tag="040" ind1=" " ind2=" ">
    <subfield code="a">AR-UNSa-BCEJYS</subfield>
    <subfield code="b">spa</subfield>
    <subfield code="c">AR-UNSa-BCEJYS</subfield>
  </datafield>
  <datafield tag="080" ind1=" " ind2=" ">
    <subfield code="a">657</subfield>
    <subfield code="x">Contabilidad</subfield>
  </datafield>
  <datafield tag="245" ind1="1" ind2="0">
    <subfield code="a">Fundamentos de contabilidad administrativa</subfield>
  </datafield>
  <datafield tag="020" ind1=" " ind2=" ">
    <subfield code="a">978-968-18-0959-1</subfield>
  </datafield>
  <datafield tag="264" ind1=" " ind2="1">
    <subfield code="a">M&#xE9;xico :</subfield>
    <subfield code="b">Limusa</subfield>
    <subfield code="c">1979</subfield>
  </datafield>
  <datafield tag="300" ind1=" " ind2=" ">
    <subfield code="a">xviii, 643 p.</subfield>
    <subfield code="c">24 cm.</subfield>
  </datafield>
  <datafield tag="505" ind1=" " ind2=" ">
    <subfield code="a">1. Objetivos de la contabilidad administrativa - 2. Objetivos, restricciones y procesos de evaluaci&#xF3;n - 3. El presupuesto principal: Planeaci&#xF3;n de alternativas a corto plazo - 4. La presupuestaci&#xF3;n a corto plazo en un ambiente incierto - 5. Presupuestaci&#xF3;n por an&#xE1;lisis especiales: planeaci&#xF3;n de costo-volumen-utilidad - 6. Presupuestaci&#xF3;n del capital: b&#xFA;squeda de alternativas a largo plazo - 7. Complejidades adicionales de la planeaci&#xF3;n de proyectos - 8. Costeo del producto - La fabricaci&#xF3;n sobre pedido sobre pedido como alternativa - 9. Costeo del producto - El proceso como alternativa - 10. Costos conjuntos y transferencias interdivisionales - 11. Informes para el an&#xE1;lisis de decisiones - 12. El control de la empresa - Contabilidad por &#xE1;reas de responsabilidad - 13. Extensiones del control en las entidades econ&#xF3;micas descentralizadas - 14. Costos estandar y medici&#xF3;n de las variaciones - 15. Control administrativo en las entidades no lucrativas - 16. La contabilidad y el comportamiento - </subfield>
  </datafield>
  <datafield tag="041" ind1=" " ind2=" ">
    <subfield code="a">spa</subfield>
  </datafield>
  <datafield tag="942" ind1=" " ind2=" ">
    <subfield code="c">BK</subfield>
  </datafield>
  <datafield tag="590" ind1=" " ind2=" ">
    <subfield code="a">niveau_biblio:m niveau_hierar:0</subfield>
  </datafield>
  <datafield tag="100" ind1="1" ind2=" ">
    <subfield code="a">Copeland, Ronald M.</subfield>
  </datafield>
  <datafield tag="700" ind1="1" ind2=" ">
    <subfield code="a">Dascher, Paul E.</subfield>
  </datafield>
  <datafield tag="999" ind1=" " ind2=" ">
    <subfield code="c">36430</subfield>
    <subfield code="d">36430</subfield>
  </datafield>
  <datafield tag="952" ind1=" " ind2=" ">
    <subfield code="0">0</subfield>
    <subfield code="1">0</subfield>
    <subfield code="4">0</subfield>
    <subfield code="7">0</subfield>
    <subfield code="a">BCEJYS</subfield>
    <subfield code="b">BCEJYS</subfield>
    <subfield code="c">16</subfield>
    <subfield code="d">2026-05-21</subfield>
    <subfield code="l">0</subfield>
    <subfield code="o">657 C782</subfield>
    <subfield code="p">L33893</subfield>
    <subfield code="r">2026-05-21 16:08:27</subfield>
    <subfield code="w">2026-05-21</subfield>
    <subfield code="y">L</subfield>
  </datafield>
</record>
